|
|
|
|
| LEADER |
00000cam a2200000 a 4500 |
| 001 |
vtls009767461 |
| 003 |
SK-MaSNL |
| 005 |
20260301171524.0 |
| 008 |
250313s1980 xr f 100 0 cze |
| 035 |
|
|
|a (SVKBBclas03)vtls000141514
|
| 035 |
|
|
|a urn:nbn:sk:snk-amjw9g
|
| 035 |
|
|
|a urn:nbn:sk:snk-am00810y
|
| 035 |
|
|
|a B8A8C767-7FE7-4C1C-8638-8D40C34FEB91
|
| 040 |
|
|
|a SNK
|b slo
|c SNK
|e AACR2
|
| 041 |
0 |
|
|a cze
|
| 044 |
|
|
|a xr
|c CZ
|
| 080 |
|
|
|a 711.1
|2 1981
|
| 245 |
0 |
0 |
|a 3. celostátní konference k úloze územního plánování při řízení rozvoje území a životního prostředí
|b metodické pokyny pro územně plánovací dokumentaci sídelního útvaru
|n Sešit C
|p Část územní plán
|
| 246 |
3 |
|
|a Třetí celostátní konference k úloze územního plánování při řízení rozvoje území a životního prostředí
|
| 246 |
3 |
0 |
|a Část územní plán
|
| 246 |
3 |
0 |
|a Celostátní konference k úloze územního plánování při řízení rozvoje území a životního prostředí
|
| 260 |
|
|
|a Praha
|b Dům techniky Československá vědeckotechnická společnost
|c 1980
|
| 300 |
|
|
|a 31 s.
|
| 650 |
0 |
7 |
|a územné plánovanie
|2 SNKPH
|9 2641
|
| 650 |
0 |
7 |
|a životné prostredie
|2 SNKPH
|9 786
|
| 655 |
|
7 |
|a metodické štúdie
|2 SNKPH
|9 477436
|
| 852 |
|
|
|a Slovenská národná knižnica
|
| 958 |
|
|
|a OND
|
| 999 |
|
|
|c 831065
|d 832995
|
| 952 |
|
|
|a SNK
|b SNK
|y PREZ
|7 0
|p 17A0987402
|o snkSB 29921/C
|i snkKIP 5939/80
|0 0
|1 0
|4 0
|d 2014-10-22
|f 1
|l 0
|r 2025-04-02 00:00:00
|w 2026-02-24
|
| 952 |
|
|
|a SNK
|b SNK
|y VYP
|7 0
|o snkSB 29921/C D1
|i snkKIP 5940/80
|0 0
|1 0
|4 0
|d 2014-10-22
|l 0
|r 2026-02-24 03:37:39
|w 2026-02-24
|